000 00890nam a2200253Ia 4500
003 GCL
005 20240530095559.0
008 140319s9999 xx 000 0 ara d
020 _a9656063977
040 _aGCL /
_cGCL
082 0 4 _a379.62
_bق/هـ ف
100 1 _aطلعت عبدالحميد
245 1 0 _aالفكر التربوى فى عهد السادات 1970 - 1981 /
_cطلعت عبدالحميد
250 _aالاولى
260 _aالقاهرة :
_bدار فرحة للنشر والتوزيع ،
_c2006
300 _a416 ص ؛
_c24 سم
490 _aسلسلة الدراسات التربوية
_v0
650 0 4 _aالتعليم - مصر
650 0 4 _aالتعليم - تاريخ - مصر
650 0 4 _aالتدريس - تاريخ
650 0 4 _aالتعليم - تاريخ - مصر - انور السادات
700 1 _aهشام قاسم
942 _2ddc
_cBK
999 _c8555
_d8555